00380nam a2200109Ia 4500008004100000082000800041100002100049245008400070942000600154952009500160999001500255240331s9999 xx 000 0 und d bTHI aThiruchandran, S 0aMathap panpaadin kolankalaiyum karuthiyalaiyum kaddavilkum oru paal nilai nokku cL 001040708LaWERCLbWERCLcSSCd2024-03-31l0o 291 THIp4830r2024-03-31w2024-03-31yL c1375d1375